00731 2200265 4500001002100000005001700021008004100038020001800079035002500097082001200122090002100134100001400155245006000169250001100229260003200240300003600272440002700308500002600335650002600361850001200387990001700399990001700416990001700433990001500450YOGYA-0209000003195720150406144239.0 ind  a979-518-304-4 a0010-020900000031957 a297.352 aT 297.352bSus K aSusmayati aKa bah sesudah IslambMengenal Keesaan TuhancSusmayati aCet. 1 aJakartabRineka Ciptac1992 avii, 80 hlm. :bilus. ;c21 cm. aMengenal Keesaan Tuhan aBibliografi : hlm. 80 aKa bah dan tanah suci aYOPDYOG a2407-PN/P.00 a2408-PN/P.00 a2409-PN/P.00 a93766-P/97